000 00847cam a2200277 i 4500
001 4172724
003 ARRUPE
005 20140918165028.0
008 791003s1980 ctu b 001 0 eng
010 _a 79022983
020 _a0300023391
040 _aDLC
_cDLC
_dDLC
050 0 0 _aBD417
_b.S56
100 1 _aSkyrms, Brian.
_911385
245 1 0 _aCausal necessity :
_ba pragmatic investigation of the necessity of laws /
_cBrian Skyrms.
260 _aNew Haven :
_bYale University Press,
_c1980.
300 _axii, 205 p. ;
_c22 cm.
500 _aIncludes index.
504 _aBibliography: p. 189-201.
650 0 _aNecessity (Philosophy)
_911386
650 0 _aLaw
_xPhilosophy.
_910576
650 0 _aCausation.
_911387
650 0 _aPragmatics.
_99358
906 _a7
_bcbc
_corignew
_d1
_eocip
_f19
_gy-gencatlg
942 _2lcc
_cMONOGRAPH
999 _c120871
_d120871